|
|
|
|
| LEADER |
00786nam a2200217 a 4500 |
| 001 |
c000363130 |
| 003 |
CARM |
| 005 |
00000000000000.0 |
| 008 |
851113s1950 fr 00010 fre d |
| 019 |
1 |
|
|a 4150345
|z 27978071
|5 LACONCORD2021
|
| 020 |
|
|
|a 2714302114
|
| 035 |
|
|
|a (OCoLC)10528902
|5 LACONCORD2021
|
| 043 |
|
|
|a e-fr---
|
| 100 |
1 |
|
|a Gracq, Julien,
|d 1910-
|
| 245 |
1 |
3 |
|a La littérature à l'estomac /
|c Julien Gracq.
|
| 260 |
|
|
|a [Paris] :
|b J. Corti,
|c 1950.
|
| 300 |
|
|
|a 73 p. ;
|c 19 cm.
|
| 650 |
|
0 |
|a French literature
|x History and criticism.
|
| 852 |
8 |
|
|b CARM
|h A1:AL31A0
|i A05369
|p 0454347
|f BK
|
| 999 |
f |
f |
|i e135c385-c002-5b8c-abb7-67209e0b4a25
|s bad63ab3-e4c6-5bff-9397-42b8aecdd029
|
| 952 |
f |
f |
|p Can circulate
|a CAVAL
|b CAVAL
|c CAVAL
|d CARM 1 Store
|e A05369
|f A1:AL31A0
|h Other scheme
|i book
|m 0454347
|